An introduction to group representation theory
Сохранить в:
| Главный автор: | |
|---|---|
| Формат: | |
| Язык: | английский |
| Опубликовано: |
Nueva York
Academic Press
1975
|
| Серии: | Mathematics in Science and Engineering, 116
|
| Предметы: | |
| Метки: |
Добавить метку
Нет меток, Требуется 1-ая метка записи!
|
MARC
| LEADER | 00000nam a2200000 a 4500 | ||
|---|---|---|---|
| 001 | UCL7206 | ||
| 003 | CL-VaPUC | ||
| 008 | 040507e19750000US |||||||||||||||||eng|d | ||
| 020 | |a 0124042503 | ||
| 082 | 0 | 4 | |a 512.55 |b KEO |2 21 |
| 100 | 0 | |a Keown, R |e author |9 485032 | |
| 245 | 1 | 3 | |a An introduction to group representation theory |
| 300 | |a 331 p | ||
| 942 | |c BK | ||
| 945 | |d 20040507 00:00:00 |a cmena | ||
| 260 | |a Nueva York |b Academic Press |c 1975 | ||
| 650 | 0 | |a Grupos finitos |9 270201 | |
| 650 | 0 | |a Representaciones de grupos |9 417402 | |
| 650 | 0 | |a Álgebra |9 259567 | |
| 583 | |a last modification |c 20040507 00:00:00 |k Rodrigo Vera | ||
| 490 | 0 | |a Mathematics in Science and Engineering, 116 | |
| 999 | |c 309056 |d 309054 | ||
| 952 | |0 0 |1 0 |4 0 |6 512_550000000000000_KEO_1975 |7 0 |8 A |9 376153 |a BIBCUR |b BIBCUR |d 2019-11-21 |i 2111284 |o 512.55 KEO 1975 |p 2111284 |r 2025-04-22 |w 2019-11-21 |y BK |k FIS | ||